| 000 | 00738pam a2200289 a 4500 | ||
|---|---|---|---|
| 001 | ocm42274127 | ||
| 003 | 0 | ||
| 005 | 20230123134335.0 | ||
| 008 | 991206s1999 enka 001 0 eng | ||
| 015 | _aGB99-W1812 | ||
| 020 | _a0471327093 | ||
| 029 | 0 |
_aUKM _bb99W1812 |
|
| 035 | _bH130 | ||
| 040 |
_aUKM _cNUST |
||
| 049 | _aMAIN | ||
| 090 | _aQD262 | ||
| 100 | 1 | _aHo, Tse-Lok. | |
| 245 | 1 | 0 | _aFiesers' reagents for organic synthesis. |
| 260 | _cc1999. | ||
| 300 |
_axiv, 488 p. : _bill. ; _c24 cm. |
||
| 504 | _aIncludes indexes. | ||
| 650 | 4 | _aChemical tests and reagents. | |
| 650 | 4 |
_aOrganic compounds _xSynthesis. |
|
| 907 |
_a.b10023288 _b22-01-07 _c17-04-03 |
||
| 994 |
_a92 _bZNA |
||
| 942 |
_cBOOKS _kQD262 |
||
| 999 |
_c164213 _d164213 |
||